00781cam a22002051 4500001001300000003000400013005001700017008004100034010001700075035001900092040002700111050001500138100003800153245019900191260003800390300003900428500004500467650004600512999001700558f 01002974 DLC20260227111245.0770713s1900 fr e 000 0 fre  af 01002974  a(OCoLC)3110854 aDLCcAzTeSdAzTeSdDLC00aZ307b.D331 aDelalain, P.q(Paul),d1840-1924.12aL'imprimerie et la librairie à Paris de 1789 à 1813.cRenseignements recueillis, classés et accompagnés d'une introduction par Paul Delalain. . aParis,bDelalain frèresc[1900] alx, 360 p.b3 fold. plans.c26 cm. a"Tiré à 400 exemplaires. n⁰ 184." 0aBook industries and tradezFrancezParis. c22965d22965